<?xml version="1.0" encoding="UTF-8"?>
<collection xmlns="http://www.loc.gov/MARC21/slim">
 <record>
  <leader>00535pamaa2200169   4500</leader>
  <controlfield tag="001">0000049765</controlfield>
  <controlfield tag="005">20120305090000.0</controlfield>
  <controlfield tag="008">120305                                  </controlfield>
  <datafield tag="020" ind1="0" ind2="0">
   <subfield code="a">9789676125460 (pbk.) </subfield>
  </datafield>
  <datafield tag="090" ind1="0" ind2="0">
   <subfield code="a">PL5136.P3 </subfield>
   <subfield code="b">AND 2012</subfield>
  </datafield>
  <datafield tag="100" ind1="1" ind2="1">
   <subfield code="a">Anwar Ridhwan </subfield>
  </datafield>
  <datafield tag="245" ind1="1" ind2="0">
   <subfield code="a">Penyeberang sempadan  </subfield>
   <subfield code="c">Anwar Ridhwan.</subfield>
  </datafield>
  <datafield tag="260" ind1="0" ind2="0">
   <subfield code="a">Kuala Lumpur: </subfield>
   <subfield code="b">Utusan Publication &amp; Distributors Sdn.Bhd, </subfield>
   <subfield code="c">2012.</subfield>
  </datafield>
  <datafield tag="300" ind1=" " ind2=" ">
   <subfield code="a">ix, 451p: </subfield>
   <subfield code="b">ill.; </subfield>
   <subfield code="c">18 cm.</subfield>
  </datafield>
  <datafield tag="500" ind1="0" ind2="0">
   <subfield code="a">Pemenang Hadiah Sako 3--cover page</subfield>
  </datafield>
  <datafield tag="650" ind1="0" ind2="0">
   <subfield code="a">Malay fiction </subfield>
  </datafield>
  <datafield tag="901" ind1=" " ind2=" ">
   <subfield code="u">www.mybooks.com.my</subfield>
  </datafield>
 </record>
</collection>
